000 00603nam a22001935i 4500
001 157923
003 ES-MaACL
005 20230906210915.0
008 990405s1858 sp l |||| | spa d
040 _aCCPB | B
_bspa
_cCCPB | B
100 1 _aLomas, F. G.
_9129038
245 1 0 _aLegislación de Minas /
_cpor D. F. G. Lomas.
260 _aMadrid :
_b[s.n.],
_c1858 (
_fImprenta de Manuel Galiano)
300 _aXI, 386 p. ;
_c21 cm.
597 1 _aAntep.
650 _aMinas-
_xDerecho y legislación-
_zEspaña.
_9175982
752 _aEspaña -
_dMadrid
852 _aES-MaACL
_jG-3642
_z-- Enc. hol.
999 _c157923
_d157923